Chuyển đến nội dung
Inicio
Centros participantes
Catálogo
Servicios
Contacto
Đăng nhập
English
Deutsch
Español
Français
Italiano
日本語
Nederlands
Português
Português (Brasil)
中文(简体)
中文(繁體)
Türkçe
עברית
Gaeilge
Cymraeg
Ελληνικά
Català
Euskara
Русский
Čeština
Suomi
Svenska
polski
Dansk
slovenščina
اللغة العربية
বাংলা
Galego
Tiếng Việt
Hrvatski
हिंदी
Հայերէն
Українська
Sámegiella
Ngôn ngữ
Tất cả các trường
Tiêu đề
Tác giả
Chủ đề
Số hiệu
số ISBN/ISSN
Nhãn
Tìm kiếm
Nâng cao
Situación de la economía de El...
Trích dẫn điều này
Email này
In
Xuất bản ghi
Xuất tới RefWorks
Xuất tới EndNoteWeb
Xuất tới EndNote
Lưu vào danh sách
Liên kết dài hạn
Agregar primera valuación
Situación de la economía de El Salvador
Đã lưu trong:
Chi tiết về thư mục
Tác giả của công ty:
Centro de Investigación y Acción Social
Định dạng:
Texto
Được phát hành:
México D.F.:
CINAS
Các nhãn:
Thêm thẻ
Không có thẻ, Là người đầu tiên thẻ bản ghi này!
Đang giữ
Miêu tả
Những bình luận
Những quyển sách tương tự
Chế độ xem nhân viên
MARC
LEADER
00000 a a2200000 04500
001
21703
003
040
|a
CRAI/IIS
|c
CRAI/IIS
090
|a
096900
110
|a
Centro de Investigación y Acción Social
245
|a
Situación de la economía de El Salvador
260
|a
México D.F.:
|b
CINAS
300
|a
12 p.
999
|c
15250
|d
15250
Những quyển sách tương tự
Esquema de análisis gerencial para las economías centroamericanas
Bằng: Ramírez, Noel
Discurso pronunciado por el Presidente de la República de Nicaragua y Coordinador de la Comisión Ejecutiva de la Dirección Nacional del Frente Sandinista de liberación Nacional, Comandante de la Revolución Daniel Ortega Saavedra, en la cuadragésima sesión
Bằng: Ortega Saavedra, Daniel
Intervención del Presidente de la República de Nicaragua y Coordinador de la Comisión Ejecutiva de la Dirección Nacional de FSLN, Comandante de la Revolución Daniel Ortega S., en el anuncio de nuevos procedimientos para continuar cumpliendo los acuerdos d
Bằng: Ortega Saavedra, Daniel
Telecomunicaciones para el desarrollo: ¿instrumentos de liberación o armas de dominación?
Bằng: Vargas Araya, Armando
Equidad y justicia en el desarrollo de las telecomunicaciones
Bằng: Monge Alvarez, Luis Alberto